| 000 | 00919nam a2200301Ia 4500 | ||
|---|---|---|---|
| 005 | 20220316235646.0 | ||
| 008 | 121119s2000 enka gr 000 0 spa | ||
| 020 | _a0746045042 | ||
| 041 | 0 | _aspa | |
| 082 | 0 | 4 |
_a576.83 _bC31M |
| 100 | 1 | _aChandler, Fiona | |
| 245 | 1 | 3 |
_aEl mundo prehistórico _cFiona Chandler, Sam Taplin y Jane Bingham |
| 250 | _aPrimera edición | ||
| 300 |
_a96 páginas _bilustraciones |
||
| 490 | 0 | _aHistoria ilustrada usboner | |
| 650 | 1 | 4 |
_aOrigen de la vida _2LEMB |
| 650 | 1 | 4 |
_aPrehistoria _2LEMB |
| 650 | 1 | 4 |
_aOrigen del universo _2LEMB |
| 650 | 1 | 4 |
_aOrigen de las especies _2LEMB |
| 700 | 1 |
_aTaplin, Sam _932683 |
|
| 700 | 1 |
_aBingham, Jane _932684 |
|
| 942 |
_2ddc _cBK |
||
| 264 |
_aLondres _bGrijalbo _c2000 |
||
| 336 |
_atexto _btxt _2rdacontent |
||
| 337 |
_asin mediación _bn _2rdamedia |
||
| 338 |
_avolumen _bnc _2rdacarrier |
||
| 040 |
_aCO-BoRNBP _bspa _erda _cCO-BoRNBP |
||
| 999 |
_c1720 _d1720 |
||